[Event "Team Championship (men blitz)"]
[Site "Sochi"]
[Date "2017.10.05"]
[Round "2.11"]
[White "Vastrukhin, Oleg"]
[Black "Timofeev, Artyom"]
[Result "1/2-1/2"]
[LiveChessVersion "1.4.8"]
[BlackElo "2619"]
[WhiteElo "2424"]

1. e4 {[%clk 0:03:02]} c5 {[%clk 0:03:03]} 2. Nc3 {[%clk 0:03:03]} e6
{[%clk 0:03:00]} 3. Nge2 {[%clk 0:03:04]} Nc6 {[%clk 0:02:59]} 4. g3
{[%clk 0:03:05]} d6 {[%clk 0:02:51]} 5. Bg2 {[%clk 0:03:06]} Nf6 {[%clk 0:02:51]}
6. O-O {[%clk 0:03:06]} Be7 {[%clk 0:02:52]} 7. d3 {[%clk 0:03:06]} O-O
{[%clk 0:02:52]} 8. h3 {[%clk 0:03:07]} Rb8 {[%clk 0:02:53]} 9. a4
{[%clk 0:03:08]} a6 {[%clk 0:02:54]} 10. Be3 {[%clk 0:03:08]} b5 {[%clk 0:02:53]}
11. axb5 {[%clk 0:03:09]} axb5 {[%clk 0:02:54]} 12. Qd2 {[%clk 0:03:07]} b4
{[%clk 0:02:52]} 13. Nd1 {[%clk 0:03:08]} Bb7 {[%clk 0:02:52]} 14. g4
{[%clk 0:03:05]} d5 {[%clk 0:02:50]} 15. g5 {[%clk 0:02:52]} Ne8 {[%clk 0:02:50]}
16. exd5 {[%clk 0:02:45]} exd5 {[%clk 0:02:51]} 17. h4 {[%clk 0:02:34]} d4
{[%clk 0:02:48]} 18. Bf4 {[%clk 0:02:35]} Bd6 {[%clk 0:02:49]} 19. b3
{[%clk 0:02:29]} Nc7 {[%clk 0:02:46]} 20. Nb2 {[%clk 0:02:04]} Re8
{[%clk 0:02:43]} 21. Bxd6 {[%clk 0:02:02]} Qxd6 {[%clk 0:02:43]} 22. Nc4
{[%clk 0:02:03]} Qd7 {[%clk 0:02:42]} 23. Rfe1 {[%clk 0:01:54]} Nd8
{[%clk 0:02:10]} 24. Bxb7 {[%clk 0:01:47]} Nxb7 {[%clk 0:02:10]} 25. Qf4
{[%clk 0:01:38]} Nd5 {[%clk 0:01:49]} 26. Qf3 {[%clk 0:01:25]} f6
{[%clk 0:01:07]} 27. gxf6 {[%clk 0:01:15]} Nxf6 {[%clk 0:01:07]} 28. Ng3
{[%clk 0:01:15]} Nd6 {[%clk 0:01:03]} 29. Nxd6 {[%clk 0:00:57]} Qxd6
{[%clk 0:01:04]} 30. h5 {[%clk 0:00:56]} Qd5 {[%clk 0:01:01]} 31. Qxd5+
{[%clk 0:00:53]} Nxd5 {[%clk 0:01:02]} 32. Rxe8+ {[%clk 0:00:54]} Rxe8
{[%clk 0:01:03]} 33. Ra5 {[%clk 0:00:52]} Re1+ {[%clk 0:01:00]} 34. Kg2
{[%clk 0:00:54]} Rc1 {[%clk 0:01:00]} 35. Rxc5 {[%clk 0:00:50]} Nc3
{[%clk 0:01:01]} 36. Rc4 {[%clk 0:00:34]} Rxc2 {[%clk 0:01:02]} 37. Rxd4
{[%clk 0:00:34]} Nd1 {[%clk 0:01:03]} 38. Ne4 {[%clk 0:00:33]} Nb2
{[%clk 0:00:58]} 39. Rxb4 {[%clk 0:00:24]} Nxd3 {[%clk 0:00:59]} 40. Rb8+
{[%clk 0:00:25]} Kf7 {[%clk 0:01:00]} 41. Rb7+ {[%clk 0:00:26]} Kf8
{[%clk 0:01:01]} 42. b4 {[%clk 0:00:23]} Rc4 {[%clk 0:01:00]} 43. Rb8+
{[%clk 0:00:09]} Ke7 {[%clk 0:01:01]} 44. Rb7+ {[%clk 0:00:10]} Kf8
{[%clk 0:01:02]} 45. Rb8+ {[%clk 0:00:11]} Ke7 {[%clk 0:01:03]} 46. Rb7+
{[%clk 0:00:13]} Kf8 {[%clk 0:01:05]} 1/2-1/2

[Event "Team Championship (men blitz)"]
[Site "Sochi"]
[Date "2017.10.05"]
[Round "2.12"]
[White "Sharafiev, Azat"]
[Black "Gochelashvili, David"]
[Result "1/2-1/2"]
[LiveChessVersion "1.4.8"]
[BlackElo "2440"]
[WhiteElo "2459"]

1. e4 {[%clk 0:03:03]} c5 {[%clk 0:02:59]} 2. Nf3 {[%clk 0:03:03]} d6
{[%clk 0:02:59]} 3. Bc4 {[%clk 0:03:03]} Nc6 {[%clk 0:02:56]} 4. O-O
{[%clk 0:03:03]} g6 {[%clk 0:02:57]} 5. h3 {[%clk 0:03:02]} Bg7 {[%clk 0:02:58]}
6. c3 {[%clk 0:03:03]} Nf6 {[%clk 0:02:57]} 7. Re1 {[%clk 0:03:03]} O-O
{[%clk 0:02:54]} 8. Bf1 {[%clk 0:02:59]} e5 {[%clk 0:02:41]} 9. a4
{[%clk 0:02:57]} h6 {[%clk 0:02:37]} 10. Na3 {[%clk 0:02:50]} d5 {[%clk 0:02:26]}
11. exd5 {[%clk 0:02:42]} Nxd5 {[%clk 0:02:26]} 12. Nc4 {[%clk 0:02:41]} Re8
{[%clk 0:02:25]} 13. d3 {[%clk 0:02:42]} Qc7 {[%clk 0:02:19]} 14. g3
{[%clk 0:02:41]} Be6 {[%clk 0:02:10]} 15. Bg2 {[%clk 0:02:42]} b6
{[%clk 0:02:08]} 16. Qc2 {[%clk 0:02:34]} Rad8 {[%clk 0:02:05]} 17. Nfd2
{[%clk 0:02:07]} Kh7 {[%clk 0:02:00]} 18. Kh2 {[%clk 0:01:54]} Qd7
{[%clk 0:01:56]} 19. Ne4 {[%clk 0:01:53]} Qc7 {[%clk 0:01:54]} 20. Ned2
{[%clk 0:01:54]} Qd7 {[%clk 0:01:32]} 21. Ne4 {[%clk 0:01:55]} Qc7
{[%clk 0:01:32]} 22. Ned2 {[%clk 0:01:56]} Qd7 {[%clk 0:01:30]} 23. Ne4
{[%clk 0:01:55]} Qc7 {[%clk 0:01:29]} 24. Ned2 {[%clk 0:01:54]} 1/2-1/2

[Event "Team Championship (men blitz)"]
[Site "Sochi"]
[Date "2017.10.05"]
[Round "2.13"]
[White "Fedoseev, Vladimir"]
[Black "Rakhmanov, Aleksandr"]
[Result "0-1"]
[LiveChessVersion "1.4.8"]
[BlackElo "2600"]
[WhiteElo "2656"]

1. Nf3 {[%clk 0:03:03]} Nf6 2. b3 g6 {[%clk 0:03:04]} 3. Bb2 {[%clk 0:03:06]} Bg7
{[%clk 0:03:06]} 4. e4 {[%clk 0:03:07]} d6 {[%clk 0:03:07]} 5. d3
{[%clk 0:03:00]} O-O {[%clk 0:03:07]} 6. Be2 {[%clk 0:03:00]} e5 {[%clk 0:03:07]}
7. O-O {[%clk 0:02:59]} Nh5 {[%clk 0:03:08]} 8. d4 {[%clk 0:02:56]} Nc6
{[%clk 0:03:03]} 9. dxe5 {[%clk 0:02:51]} dxe5 {[%clk 0:03:01]} 10. Qxd8
{[%clk 0:02:38]} Rxd8 {[%clk 0:03:02]} 11. Nbd2 {[%clk 0:02:38]} Nf4
{[%clk 0:02:52]} 12. Bb5 {[%clk 0:02:39]} Nd4 {[%clk 0:02:46]} 13. Nxd4
{[%clk 0:02:34]} exd4 {[%clk 0:02:46]} 14. g3 {[%clk 0:02:35]} Nh3+
{[%clk 0:02:25]} 15. Kh1 {[%clk 0:02:36]} a6 {[%clk 0:02:14]} 16. Bd3
{[%clk 0:02:36]} Ng5 {[%clk 0:02:10]} 17. f4 {[%clk 0:02:35]} Ne6
{[%clk 0:02:11]} 18. a4 {[%clk 0:01:57]} Nc5 {[%clk 0:02:08]} 19. b4
{[%clk 0:01:51]} Nxd3 {[%clk 0:02:04]} 20. cxd3 {[%clk 0:01:52]} Bf8
{[%clk 0:01:56]} 21. Ba3 {[%clk 0:01:44]} Bd7 {[%clk 0:01:51]} 22. Rfc1
{[%clk 0:01:38]} Bxa4 {[%clk 0:01:49]} 23. Rxc7 {[%clk 0:01:35]} Rac8
{[%clk 0:01:24]} 24. Rac1 {[%clk 0:00:49]} Bc6 {[%clk 0:01:12]} 25. Rxc8
{[%clk 0:00:44]} Rxc8 {[%clk 0:01:13]} 26. Nb3 {[%clk 0:00:42]} Rd8
{[%clk 0:01:14]} 27. Na5 {[%clk 0:00:31]} Bb5 {[%clk 0:01:14]} 28. Nxb7
{[%clk 0:00:32]} Rb8 {[%clk 0:01:08]} 29. Nc5 {[%clk 0:00:33]} Bxc5
{[%clk 0:01:06]} 30. Rxc5 {[%clk 0:00:21]} Bxd3 {[%clk 0:01:05]} 31. Kg1
{[%clk 0:00:16]} Bxe4 {[%clk 0:01:00]} 32. Rc4 {[%clk 0:00:17]} Rd8
{[%clk 0:00:57]} 33. Bc1 {[%clk 0:00:16]} Bd3 {[%clk 0:00:49]} 34. Rc5
{[%clk 0:00:17]} Re8 {[%clk 0:00:43]} 35. Re5 {[%clk 0:00:17]} Rd8
{[%clk 0:00:27]} 36. Kf2 {[%clk 0:00:18]} Bb5 {[%clk 0:00:28]} 37. f5
{[%clk 0:00:14]} Rc8 {[%clk 0:00:17]} 38. Bh6 {[%clk 0:00:14]} d3
{[%clk 0:00:06]} 39. f6 {[%clk 0:00:14]} Re8 {[%clk 0:00:05]} 40. Rd5
{[%clk 0:00:12]} Rc8 {[%clk 0:00:06]} 41. h4 {[%clk 0:00:10]} Re8
{[%clk 0:00:08]} 42. Rd6 {[%clk 0:00:05]} Rc8 {[%clk 0:00:09]} 43. h5
{[%clk 0:00:04]} Re8 {[%clk 0:00:08]} 44. Kf3 {[%clk 0:00:05]} Rc8
{[%clk 0:00:08]} 45. Kg4 {[%clk 0:00:05]} Re8 {[%clk 0:00:09]} 46. Bf4
{[%clk 0:00:03]} gxh5+ {[%clk 0:00:09]} 47. Kxh5 {[%clk 0:00:03]} Kh8
{[%clk 0:00:10]} 48. g4 {[%clk 0:00:03]} Re1 {[%clk 0:00:08]} 49. Kg5
{[%clk 0:00:03]} Re8 {[%clk 0:00:09]} 50. Kf5 {[%clk 0:00:04]} h6
{[%clk 0:00:09]} 51. Bxh6 {[%clk 0:00:04]} Kh7 {[%clk 0:00:10]} 52. Bf4
{[%clk 0:00:05]} Rc8 {[%clk 0:00:07]} 53. g5 {[%clk 0:00:05]} Rc2
{[%clk 0:00:07]} 54. Rd8 {[%clk 0:00:05]} Rf2 {[%clk 0:00:06]} 55. Kg4
{[%clk 0:00:06]} Rf1 {[%clk 0:00:06]} 56. Be3 {[%clk 0:00:06]} Bc4
{[%clk 0:00:06]} 57. Rd7 {[%clk 0:00:07]} Be6+ {[%clk 0:00:07]} 0-1

[Event "Team Championship (men blitz)"]
[Site "Sochi"]
[Date "2017.10.05"]
[Round "2.14"]
[White "Rozum, Ivan"]
[Black "Sjugirov, Sanan"]
[Result "1-0"]
[LiveChessVersion "1.4.8"]
[BlackElo "2637"]
[WhiteElo "2553"]

1. c4 {[%clk 0:03:03]} e6 {[%clk 0:02:56]} 2. g3 {[%clk 0:03:03]} d5
{[%clk 0:02:57]} 3. Bg2 {[%clk 0:03:03]} Nf6 {[%clk 0:02:58]} 4. Nf3
{[%clk 0:03:04]} dxc4 {[%clk 0:02:58]} 5. Qa4+ {[%clk 0:03:00]} Bd7
{[%clk 0:02:54]} 6. Qxc4 {[%clk 0:03:01]} c5 {[%clk 0:02:55]} 7. Ne5
{[%clk 0:03:00]} Qc8 {[%clk 0:02:56]} 8. Qd3 {[%clk 0:03:01]} Be7
{[%clk 0:02:42]} 9. O-O {[%clk 0:02:59]} O-O {[%clk 0:02:42]} 10. Nxd7
{[%clk 0:03:00]} Nbxd7 {[%clk 0:02:43]} 11. Qc2 {[%clk 0:02:55]} Nb6
{[%clk 0:02:29]} 12. d3 {[%clk 0:02:51]} Nbd5 {[%clk 0:02:29]} 13. Nd2
{[%clk 0:02:38]} Qd7 {[%clk 0:02:28]} 14. a3 {[%clk 0:02:37]} Rac8
{[%clk 0:02:26]} 15. b3 {[%clk 0:02:38]} b6 {[%clk 0:02:22]} 16. Bb2
{[%clk 0:02:39]} Rfd8 {[%clk 0:02:19]} 17. Rfd1 {[%clk 0:02:39]} Nc7
{[%clk 0:02:18]} 18. Nf3 {[%clk 0:02:38]} Nb5 {[%clk 0:02:08]} 19. e3
{[%clk 0:02:32]} Nd5 {[%clk 0:01:57]} 20. Qc4 {[%clk 0:02:09]} Nd6
{[%clk 0:01:55]} 21. Qg4 {[%clk 0:02:01]} Bf6 {[%clk 0:01:54]} 22. d4
{[%clk 0:02:00]} cxd4 {[%clk 0:01:42]} 23. Nxd4 {[%clk 0:01:33]} Qe8
{[%clk 0:01:07]} 24. Rd2 {[%clk 0:01:25]} Ne7 {[%clk 0:01:05]} 25. Rad1
{[%clk 0:01:17]} Ndf5 {[%clk 0:01:03]} 26. h4 {[%clk 0:00:28]} Nxd4
{[%clk 0:00:51]} 27. Bxd4 {[%clk 0:00:29]} Bxd4 {[%clk 0:00:51]} 28. Rxd4
{[%clk 0:00:31]} Nf5 {[%clk 0:00:39]} 29. R4d3 {[%clk 0:00:32]} Rxd3
{[%clk 0:00:29]} 30. Rxd3 {[%clk 0:00:33]} h6 {[%clk 0:00:18]} 31. Qb4
{[%clk 0:00:26]} Rd8 {[%clk 0:00:16]} 32. Rc3 {[%clk 0:00:25]} Qd7
{[%clk 0:00:15]} 33. Bf3 {[%clk 0:00:24]} Qd2 {[%clk 0:00:13]} 34. Rc7
{[%clk 0:00:21]} a5 {[%clk 0:00:03]} 35. Qxd2 {[%clk 0:00:21]} Rxd2
{[%clk 0:00:05]} 36. Rc6 {[%clk 0:00:21]} Rd6 {[%clk 0:00:05]} 37. Rc8+
{[%clk 0:00:22]} Kh7 {[%clk 0:00:06]} 38. Be4 {[%clk 0:00:23]} g6
{[%clk 0:00:08]} 39. h5 {[%clk 0:00:22]} Kg7 {[%clk 0:00:06]} 40. hxg6
{[%clk 0:00:23]} fxg6 {[%clk 0:00:07]} 41. Kg2 {[%clk 0:00:21]} h5
{[%clk 0:00:09]} 42. Rb8 {[%clk 0:00:19]} Kf6 {[%clk 0:00:09]} 43. Rb7
{[%clk 0:00:20]} Ne7 {[%clk 0:00:09]} 44. Bf3 {[%clk 0:00:20]} Nf5
{[%clk 0:00:10]} 45. Be2 {[%clk 0:00:21]} Rd2 {[%clk 0:00:11]} 46. Kf3
{[%clk 0:00:22]} Rd6 {[%clk 0:00:11]} 47. Bc4 {[%clk 0:00:23]} Ne7
{[%clk 0:00:09]} 48. Ke4 {[%clk 0:00:23]} g5 {[%clk 0:00:09]} 49. Rb8
{[%clk 0:00:21]} Ng6 {[%clk 0:00:09]} 50. f4 {[%clk 0:00:21]} gxf4
{[%clk 0:00:10]} 51. gxf4 {[%clk 0:00:20]} h4 {[%clk 0:00:11]} 52. Kf3
{[%clk 0:00:22]} Rc6 {[%clk 0:00:06]} 53. Kg4 {[%clk 0:00:23]} Rd6
{[%clk 0:00:04]} 54. a4 {[%clk 0:00:24]} Rc6 {[%clk 0:00:05]} 55. Rb7
{[%clk 0:00:20]} Rd6 {[%clk 0:00:04]} 56. e4 {[%clk 0:00:21]} Nxf4
{[%clk 0:00:00]} 1-0

[Event "Team Championship (men blitz)"]
[Site "Sochi"]
[Date "2017.10.05"]
[Round "2.15"]
[White "Kovalev, Vladislav"]
[Black "Moiseenko, Vadim"]
[Result "1-0"]
[LiveChessVersion "1.4.8"]
[BlackElo "2497"]
[WhiteElo "2527"]

1. e4 {[%clk 0:03:04]} e5 {[%clk 0:03:04]} 2. Nf3 {[%clk 0:03:03]} Nc6
{[%clk 0:03:05]} 3. Bc4 {[%clk 0:03:05]} Nf6 {[%clk 0:03:06]} 4. d3
{[%clk 0:03:06]} Bc5 {[%clk 0:03:06]} 5. O-O {[%clk 0:03:06]} O-O
{[%clk 0:03:07]} 6. h3 {[%clk 0:03:06]} a6 {[%clk 0:03:06]} 7. a4
{[%clk 0:03:07]} d5 {[%clk 0:03:05]} 8. exd5 {[%clk 0:03:06]} Nxd5
{[%clk 0:03:06]} 9. Re1 {[%clk 0:03:07]} Re8 {[%clk 0:03:07]} 10. Nbd2
{[%clk 0:03:04]} f6 {[%clk 0:03:02]} 11. Ne4 {[%clk 0:03:02]} Ba7
{[%clk 0:03:00]} 12. d4 {[%clk 0:02:50]} Nxd4 {[%clk 0:01:54]} 13. Nxd4
{[%clk 0:02:51]} Bxd4 {[%clk 0:01:53]} 14. c3 {[%clk 0:02:40]} Bxf2+
{[%clk 0:01:54]} 15. Kxf2 {[%clk 0:02:20]} c6 {[%clk 0:01:56]} 16. Be3
{[%clk 0:01:55]} Be6 {[%clk 0:01:25]} 17. Nc5 {[%clk 0:01:28]} Qe7
{[%clk 0:01:21]} 18. Nxe6 {[%clk 0:01:19]} Qxe6 {[%clk 0:01:20]} 19. Qb3
{[%clk 0:01:07]} Re7 {[%clk 0:01:16]} 20. Rad1 {[%clk 0:01:03]} Rd7
{[%clk 0:01:16]} 21. Kg1 {[%clk 0:01:00]} Kh8 {[%clk 0:01:18]} 22. a5
{[%clk 0:00:56]} Rad8 {[%clk 0:01:18]} 23. Bb6 {[%clk 0:00:55]} Re8
{[%clk 0:01:20]} 24. Rd2 {[%clk 0:00:48]} e4 {[%clk 0:01:18]} 25. Rd4
{[%clk 0:00:36]} f5 {[%clk 0:01:06]} 26. Bxd5 {[%clk 0:00:12]} cxd5
{[%clk 0:01:07]} 27. c4 {[%clk 0:00:11]} f4 {[%clk 0:00:46]} 28. cxd5
{[%clk 0:00:10]} Qg6 {[%clk 0:00:48]} 29. Qc2 {[%clk 0:00:05]} f3
{[%clk 0:00:35]} 30. Rdxe4 {[%clk 0:00:06]} Rf8 {[%clk 0:00:36]} 31. Qf2
{[%clk 0:00:05]} Rxd5 {[%clk 0:00:33]} 32. Rg4 {[%clk 0:00:06]} Qh6
{[%clk 0:00:27]} 33. Bd4 {[%clk 0:00:06]} Kg8 {[%clk 0:00:24]} 34. Rxg7+
{[%clk 0:00:05]} Qxg7 {[%clk 0:00:25]} 35. Bxg7 {[%clk 0:00:07]} Kxg7
{[%clk 0:00:24]} 36. Re7+ {[%clk 0:00:07]} Kh8 {[%clk 0:00:24]} 37. Re3
{[%clk 0:00:05]} 1-0

[Event "Team Championship (men blitz)"]
[Site "Sochi"]
[Date "2017.10.05"]
[Round "2.16"]
[White "Gogolev, Artem"]
[Black "Predke, Alexandr"]
[Result "1/2-1/2"]
[LiveChessVersion "1.4.8"]
[BlackElo "2528"]
[WhiteElo "2330"]

1. Nf3 {[%clk 0:03:03]} Nf6 {[%clk 0:03:02]} 2. c4 {[%clk 0:03:03]} b6
{[%clk 0:03:03]} 3. g3 {[%clk 0:03:04]} Bb7 {[%clk 0:03:04]} 4. Bg2
{[%clk 0:03:05]} g6 {[%clk 0:03:06]} 5. O-O {[%clk 0:03:05]} c5 {[%clk 0:03:06]}
6. b3 {[%clk 0:03:05]} Bg7 {[%clk 0:03:08]} 7. Bb2 {[%clk 0:03:06]} O-O
{[%clk 0:03:08]} 8. Nc3 {[%clk 0:02:46]} d5 {[%clk 0:03:01]} 9. Nxd5
{[%clk 0:02:43]} Nxd5 {[%clk 0:03:02]} 10. Bxg7 {[%clk 0:02:43]} Kxg7
{[%clk 0:03:03]} 11. cxd5 {[%clk 0:02:44]} Bxd5 {[%clk 0:03:04]} 12. d4
{[%clk 0:02:43]} Na6 {[%clk 0:03:05]} 13. dxc5 {[%clk 0:02:39]} Nxc5
{[%clk 0:03:05]} 14. b4 {[%clk 0:02:39]} Ne6 {[%clk 0:03:00]} 15. Rc1
{[%clk 0:02:33]} Be4 {[%clk 0:02:37]} 16. Ne5 {[%clk 0:02:22]} Bxg2
{[%clk 0:02:22]} 17. Kxg2 {[%clk 0:02:22]} Nd4 {[%clk 0:02:01]} 18. e3
{[%clk 0:02:02]} Qd5+ {[%clk 0:01:55]} 19. Nf3 {[%clk 0:02:03]} Qxf3+
{[%clk 0:01:54]} 20. Qxf3 {[%clk 0:02:04]} Nxf3 {[%clk 0:01:55]} 21. Kxf3
{[%clk 0:02:04]} Rfc8 {[%clk 0:00:54]} 22. Rfd1 {[%clk 0:02:03]} Kf6
{[%clk 0:00:55]} 23. Rxc8 {[%clk 0:01:52]} Rxc8 {[%clk 0:00:56]} 24. Rd7
{[%clk 0:01:53]} a5 {[%clk 0:00:43]} 25. Rb7 {[%clk 0:01:49]} Rc6
{[%clk 0:00:44]} 26. bxa5 {[%clk 0:01:44]} bxa5 {[%clk 0:00:45]} 27. Rb5
{[%clk 0:01:45]} a4 {[%clk 0:00:47]} 28. Ra5 {[%clk 0:01:31]} Rc4
{[%clk 0:00:47]} 29. h4 {[%clk 0:01:32]} h5 {[%clk 0:00:37]} 30. Ra6+
{[%clk 0:01:31]} e6 {[%clk 0:00:36]} 31. Kg2 {[%clk 0:01:19]} Kf5
{[%clk 0:00:34]} 32. Kf3 {[%clk 0:01:13]} e5 {[%clk 0:00:32]} 33. Ra7
{[%clk 0:01:14]} f6 {[%clk 0:00:33]} 34. Ra5 {[%clk 0:01:14]} g5 {[%clk 0:00:29]}
35. hxg5 {[%clk 0:01:11]} fxg5 {[%clk 0:00:30]} 36. Ra8 {[%clk 0:01:04]} g4+
{[%clk 0:00:28]} 37. Kg2 {[%clk 0:01:04]} Ke4 {[%clk 0:00:29]} 38. Ra5
{[%clk 0:00:53]} Rb4 {[%clk 0:00:31]} 39. Rc5 {[%clk 0:00:49]} Kf5
{[%clk 0:00:26]} 40. Ra5 {[%clk 0:00:48]} Rc4 {[%clk 0:00:27]} 41. Ra8
{[%clk 0:00:45]} Ke6 {[%clk 0:00:28]} 42. Ra6+ {[%clk 0:00:35]} Kd5
{[%clk 0:00:29]} 43. Ra5+ {[%clk 0:00:35]} Ke4 {[%clk 0:00:30]} 44. Rb5
{[%clk 0:00:33]} Kd3 {[%clk 0:00:20]} 45. Rxe5 {[%clk 0:00:34]} Rc2
{[%clk 0:00:21]} 46. Rxh5 {[%clk 0:00:30]} Rxa2 {[%clk 0:00:22]} 47. Rg5
{[%clk 0:00:31]} Rc2 {[%clk 0:00:22]} 48. Rxg4 {[%clk 0:00:30]} Rc4
{[%clk 0:00:23]} 49. Rg8 {[%clk 0:00:31]} Kc3 {[%clk 0:00:22]} 50. Ra8
{[%clk 0:00:28]} Kb3 {[%clk 0:00:24]} 51. Kf3 {[%clk 0:00:26]} a3
{[%clk 0:00:25]} 52. g4 {[%clk 0:00:15]} a2 {[%clk 0:00:22]} 53. Rxa2
{[%clk 0:00:11]} Kxa2 {[%clk 0:00:23]} 54. e4 {[%clk 0:00:11]} Kb3
{[%clk 0:00:23]} 55. Kf4 {[%clk 0:00:12]} Rc8 {[%clk 0:00:15]} 56. g5
{[%clk 0:00:12]} Kc4 {[%clk 0:00:14]} 57. Ke5 {[%clk 0:00:13]} Re8+
{[%clk 0:00:08]} 58. Kf6 {[%clk 0:00:14]} Rxe4 {[%clk 0:00:05]} 59. g6
{[%clk 0:00:14]} Rf4+ {[%clk 0:00:06]} 60. Ke7 {[%clk 0:00:15]} Rxf2
{[%clk 0:00:07]} 61. g7 {[%clk 0:00:16]} Rg2 {[%clk 0:00:08]} 62. Kf7
{[%clk 0:00:17]} Kd5 {[%clk 0:00:09]} 63. g8=Q {[%clk 0:00:17]} Rxg8
{[%clk 0:00:09]} 64. Kxg8 {[%clk 0:00:19]} 1/2-1/2

[Event "Team Championship (men blitz)"]
[Site "Sochi"]
[Date "2017.10.05"]
[Round "2.17"]
[White "Kezin, Roman"]
[Black "Khismatullin, Denis"]
[Result "0-1"]
[LiveChessVersion "1.4.8"]
[BlackElo "2660"]
[WhiteElo "2514"]

1. d4 {[%clk 0:03:03]} d5 {[%clk 0:03:03]} 2. c4 {[%clk 0:03:04]} e6
{[%clk 0:03:04]} 3. Nf3 {[%clk 0:03:04]} Nf6 {[%clk 0:03:05]} 4. g3
{[%clk 0:03:06]} dxc4 {[%clk 0:03:07]} 5. Bg2 {[%clk 0:03:07]} Bb4+
{[%clk 0:03:08]} 6. Bd2 {[%clk 0:03:06]} a5 {[%clk 0:03:09]} 7. O-O
{[%clk 0:03:05]} b6 {[%clk 0:02:59]} 8. Qc2 {[%clk 0:02:56]} O-O {[%clk 0:02:51]}
9. Bg5 {[%clk 0:02:54]} Bb7 {[%clk 0:02:40]} 10. Qxc4 {[%clk 0:02:52]} Nbd7
{[%clk 0:02:40]} 11. Ne5 {[%clk 0:02:08]} Bxg2 {[%clk 0:02:38]} 12. Kxg2
{[%clk 0:02:09]} Nxe5 {[%clk 0:02:38]} 13. dxe5 {[%clk 0:02:08]} Qd5+
{[%clk 0:02:27]} 14. Qxd5 {[%clk 0:02:08]} Nxd5 {[%clk 0:02:27]} 15. e4
{[%clk 0:01:43]} Ne7 {[%clk 0:02:26]} 16. Rc1 {[%clk 0:01:38]} Ng6
{[%clk 0:02:09]} 17. Rxc7 {[%clk 0:01:37]} Rfc8 {[%clk 0:02:05]} 18. Rxc8+
{[%clk 0:01:29]} Rxc8 {[%clk 0:02:06]} 19. a3 {[%clk 0:01:27]} Bf8
{[%clk 0:02:00]} 20. Nc3 {[%clk 0:01:12]} Nxe5 {[%clk 0:02:00]} 21. Rd1
{[%clk 0:00:40]} f6 {[%clk 0:01:30]} 22. Bf4 {[%clk 0:00:21]} Bxa3
{[%clk 0:00:54]} 23. bxa3 {[%clk 0:00:07]} Rxc3 {[%clk 0:00:55]} 24. Bxe5
{[%clk 0:00:08]} fxe5 {[%clk 0:00:56]} 25. Rd6 {[%clk 0:00:09]} b5
{[%clk 0:00:56]} 26. Rb6 {[%clk 0:00:08]} Rb3 {[%clk 0:00:54]} 27. Rb7
{[%clk 0:00:06]} g5 {[%clk 0:00:46]} 28. h3 {[%clk 0:00:04]} h5 {[%clk 0:00:47]}
29. Rb6 {[%clk 0:00:04]} Kf7 {[%clk 0:00:47]} 30. Rb7+ {[%clk 0:00:05]} Ke8
{[%clk 0:00:46]} 31. Kf1 {[%clk 0:00:04]} Kd8 {[%clk 0:00:42]} 32. a4
{[%clk 0:00:03]} bxa4 {[%clk 0:00:41]} 33. Ra7 {[%clk 0:00:04]} Rb5
{[%clk 0:00:41]} 34. Ra6 {[%clk 0:00:03]} Kd7 {[%clk 0:00:36]} 35. Ra7+
{[%clk 0:00:03]} Kd6 {[%clk 0:00:25]} 36. Ra8 {[%clk 0:00:04]} a3
{[%clk 0:00:25]} 37. Rd8+ {[%clk 0:00:04]} Kc5 {[%clk 0:00:26]} 38. Ke1 0-1

[Event "Team Championship (men blitz)"]
[Site "Sochi"]
[Date "2017.10.05"]
[Round "2.18"]
[White "Pridorozhni, Aleksei"]
[Black "Antonenko, Vladimir"]
[Result "1-0"]
[LiveChessVersion "1.4.8"]
[BlackElo "2423"]
[WhiteElo "2671"]

1. e4 {[%clk 0:03:03]} c5 {[%clk 0:03:03]} 2. Nc3 {[%clk 0:03:04]} Nc6
{[%clk 0:03:05]} 3. Bb5 {[%clk 0:03:05]} Nd4 {[%clk 0:03:06]} 4. Nf3
{[%clk 0:03:06]} e6 {[%clk 0:03:07]} 5. O-O {[%clk 0:03:06]} a6 {[%clk 0:03:08]}
6. Bd3 {[%clk 0:03:08]} Nc6 {[%clk 0:03:10]} 7. Be2 {[%clk 0:03:08]} Qc7
{[%clk 0:03:08]} 8. d4 {[%clk 0:03:07]} cxd4 {[%clk 0:03:09]} 9. Nxd4
{[%clk 0:03:08]} Nf6 {[%clk 0:03:10]} 10. Be3 {[%clk 0:03:06]} Be7
{[%clk 0:03:11]} 11. f4 {[%clk 0:03:01]} d6 {[%clk 0:03:12]} 12. Kh1
{[%clk 0:02:59]} O-O {[%clk 0:03:13]} 13. Bf3 {[%clk 0:02:59]} Bd7
{[%clk 0:02:49]} 14. g4 {[%clk 0:02:44]} Nxd4 {[%clk 0:02:49]} 15. Bxd4
{[%clk 0:02:44]} Bc6 {[%clk 0:02:50]} 16. g5 {[%clk 0:02:44]} Nd7
{[%clk 0:02:51]} 17. Bg2 {[%clk 0:02:45]} b5 {[%clk 0:02:24]} 18. a3
{[%clk 0:02:41]} Qb7 {[%clk 0:02:07]} 19. Qe2 {[%clk 0:02:36]} Nc5
{[%clk 0:02:00]} 20. Rae1 {[%clk 0:02:34]} b4 {[%clk 0:01:56]} 21. axb4
{[%clk 0:02:27]} Qxb4 {[%clk 0:01:57]} 22. Qf2 {[%clk 0:02:27]} e5
{[%clk 0:01:17]} 23. Bxc5 {[%clk 0:02:12]} Qxc5 {[%clk 0:01:11]} 24. Qxc5
{[%clk 0:02:12]} dxc5 {[%clk 0:01:12]} 25. Nd5 {[%clk 0:02:13]} Bd8
{[%clk 0:01:00]} 26. h4 {[%clk 0:02:11]} exf4 {[%clk 0:01:00]} 27. Rxf4
{[%clk 0:02:12]} Re8 {[%clk 0:00:56]} 28. Ref1 {[%clk 0:02:12]} Ra7
{[%clk 0:00:57]} 29. b3 {[%clk 0:02:11]} a5 {[%clk 0:00:56]} 30. Nc3
{[%clk 0:02:03]} f6 {[%clk 0:00:42]} 31. Rf5 {[%clk 0:01:53]} Be7
{[%clk 0:00:25]} 32. gxf6 {[%clk 0:01:37]} gxf6 {[%clk 0:00:26]} 33. e5
{[%clk 0:01:25]} Bxg2+ 34. Kxg2 fxe5 {[%clk 0:00:22]} 35. Rxe5 {[%clk 0:01:26]}
Rf8 {[%clk 0:00:17]} 36. Rxf8+ {[%clk 0:01:10]} Kxf8 {[%clk 0:00:17]} 37. h5
{[%clk 0:01:10]} Bf6 {[%clk 0:00:10]} 38. Rf5 {[%clk 0:01:04]} Kg7
{[%clk 0:00:09]} 39. Rxc5 {[%clk 0:00:47]} Bxc3 {[%clk 0:00:10]} 40. Rxc3
{[%clk 0:00:48]} a4 {[%clk 0:00:11]} 41. bxa4 {[%clk 0:00:48]} Rxa4
{[%clk 0:00:13]} 42. Rc5 {[%clk 0:00:49]} Kf6 {[%clk 0:00:05]} 43. Kf3
{[%clk 0:00:49]} Rb4 {[%clk 0:00:05]} 44. c4 {[%clk 0:00:46]} Rb1
{[%clk 0:00:05]} 45. Ke4 {[%clk 0:00:45]} Rd1 {[%clk 0:00:06]} 46. Rc6+
{[%clk 0:00:40]} Kg5 {[%clk 0:00:05]} 47. h6 {[%clk 0:00:41]} Rd2
{[%clk 0:00:05]} 48. Ke5 {[%clk 0:00:41]} Rd1 {[%clk 0:00:05]} 49. c5
{[%clk 0:00:39]} Rd2 {[%clk 0:00:06]} 50. Rd6 {[%clk 0:00:40]} Re2+
{[%clk 0:00:05]} 51. Kd5 {[%clk 0:00:41]} Rd2+ {[%clk 0:00:05]} 52. Kc6
{[%clk 0:00:41]} Rc2 {[%clk 0:00:05]} 53. Kb6 {[%clk 0:00:42]} Rb2+
{[%clk 0:00:05]} 54. Kc7 {[%clk 0:00:43]} Kf5 {[%clk 0:00:05]} 55. c6
{[%clk 0:00:43]} Rc2 {[%clk 0:00:05]} 56. Kd7 {[%clk 0:00:43]} 1-0